[Event "Gibraltar Chess Festival 2017 - Masters"]
[Site "Gibraltar ENG"]
[Date "2017.01.27"]
[Round "4.62"]
[White "Bujnoch, Radek"]
[Black "Sarkar, Justin"]
[Result "1/2-1/2"]
[WhiteElo "2233"]
[BlackElo "2428"]
[PlyCount "128"]
[EventDate "2017.01.24"]
[EventType "swiss"]
[EventRounds "10"]
[EventCountry "ENG"]
[SourceTitle "Ajedrez en Madrid"]
[Source "lmi"]
[SourceDate "2017.01.24"]

1. e4 e6 2. d4 d5 3. Nd2 h6 4. c3 c5 5. Ngf3 cxd4 6. Nxd4 Nf6 7. e5 Nfd7 8. f4
Nc6 9. N2f3 Nc5 10. Be3 Bd7 11. Qc2 Rc8 12. Be2 Ne4 13. O-O Be7 14. a3 O-O 15.
Bd3 Nc5 16. f5 Nxd4 17. Nxd4 Bg5 18. Rae1 Bxe3+ 19. Rxe3 Nxd3 20. Qxd3 exf5 21.
Rg3 Qe7 22. Qe3 Kh8 23. Nxf5 Bxf5 24. Rxf5 Rc4 25. Rf4 Re8 26. Rxc4 dxc4 27.
Qxa7 Qxe5 28. Rf3 Qg5 29. Rf1 Re2 30. Qxb7 Qe3+ 31. Kh1 Qf2 32. Qf3 Qxf3 33.
gxf3 Rxb2 34. Ra1 Rc2 35. a4 Rxc3 36. a5 Re3 37. a6 Re8 38. Kg2 c3 39. Rc1 Ra8
40. Rxc3 Rxa6 41. Rc7 f6 42. Kg3 Kh7 43. h4 h5 44. Rc5 Kh6 45. Rb5 g5 46. hxg5+
fxg5 47. Rb3 h4+ 48. Kh3 Rf6 49. Kg2 Kg6 50. Rb5 Ra6 51. Rc5 Ra2+ 52. Kg1 h3
53. Rc8 Rg2+ 54. Kf1 Kf5 55. Rh8 Kf4 56. Rxh3 Ra2 57. Kg1 Rb2 58. Kf1 Rc2 59.
Kg1 Ra2 60. Kf1 Ra3 61. Kg2 Rc3 62. Rh8 Rc2+ 63. Kh1 Kxf3 64. Rf8+ Ke4 1/2-1/2

[Event "Gibraltar Chess Festival 2017 - Masters"]
[Site "Gibraltar ENG"]
[Date "2017.01.27"]
[Round "4.63"]
[White "Wemmers, Xander"]
[Black "Bergstrom, Rolf"]
[Result "1-0"]
[WhiteElo "2424"]
[BlackElo "2268"]
[PlyCount "61"]
[EventDate "2017.01.24"]
[EventType "swiss"]
[EventRounds "10"]
[EventCountry "ENG"]
[SourceTitle "Ajedrez en Madrid"]
[Source "lmi"]
[SourceDate "2017.01.24"]

1. d4 Nf6 2. c4 e6 3. Nc3 Bb4 4. e3 b6 5. Nge2 Ne4 6. f3 Nxc3 7. bxc3 Be7 8. e4
Nc6 9. Ng3 h5 10. Bd3 h4 11. Nf1 Ba6 12. Be3 Na5 13. Nd2 d6 14. O-O Qd7 15. f4
O-O-O 16. Qe2 Qa4 17. e5 f5 18. exd6 Bxd6 19. c5 Bxd3 20. Qxd3 Be7 21. Qa6+ Kb8
22. Rab1 h3 23. cxb6 axb6 24. d5 hxg2 25. Bxb6 gxf1=Q+ 26. Nxf1 Nb7 27. Bxc7+
Kc8 28. Qxb7+ Kd7 29. Bxd8+ Kxd8 30. Qb8+ Kd7 31. Rb7# 1-0

[Event "Gibraltar Chess Festival 2017 - Masters"]
[Site "Gibraltar ENG"]
[Date "2017.01.27"]
[Round "4.64"]
[White "Galmandakh, Badrakh"]
[Black "Sundararajan, Kidambi"]
[Result "1/2-1/2"]
[WhiteElo "2215"]
[BlackElo "2420"]
[PlyCount "118"]
[EventDate "2017.01.24"]
[EventType "swiss"]
[EventRounds "10"]
[EventCountry "ENG"]
[SourceTitle "Ajedrez en Madrid"]
[Source "lmi"]
[SourceDate "2017.01.24"]

1. d4 Nf6 2. Bf4 g6 3. Nf3 Bg7 4. e3 O-O 5. Be2 b6 6. O-O Bb7 7. a4 a6 8. Nbd2
d6 9. h3 Nbd7 10. c3 e6 11. Bh2 Qe7 12. Qc2 e5 13. dxe5 dxe5 14. b4 Nh5 15. Ne1
f5 16. Bxh5 gxh5 17. e4 Kh8 18. Nef3 f4 19. Nc4 Qe6 20. Qe2 Bf6 21. Kh1 Rg8 22.
Rg1 Rg7 23. Ncd2 Nf8 24. Qc4 Qxc4 25. Nxc4 Ng6 26. Rge1 Rd8 27. Nb2 Nh4 28.
Nxh4 Bxh4 29. Re2 Rgd7 30. f3 b5 31. axb5 axb5 32. Kg1 c5 33. bxc5 Rc7 34. c4
bxc4 35. Rc2 Rxc5 36. Rxc4 Be7 37. Kh1 Rd2 38. Rxc5 Bxc5 39. Nc4 Rc2 40. Nxe5
Bd4 41. Nf7+ Kg7 42. Rb1 Bxe4 43. Nd6 Bg6 44. Bxf4 Kf6 45. Rd1 Be5 46. Bxe5+
Kxe5 47. Kh2 h4 48. Nb5 Rc5 49. Nd4 Rd5 50. Nc6+ Kd6 51. Rxd5+ Kxd5 52. Nb4+
Kc4 53. Na2 Bf7 54. Nc1 Kc3 55. Ne2+ Kd3 56. Ng1 Ke3 57. f4 Kxf4 58. Nf3 Bd5
59. Nxh4 Be4 1/2-1/2

[Event "Gibraltar Chess Festival 2017 - Masters"]
[Site "Gibraltar ENG"]
[Date "2017.01.27"]
[Round "4.65"]
[White "Karavade, Eesha"]
[Black "Gluhovsky, Mark"]
[Result "1/2-1/2"]
[WhiteElo "2418"]
[BlackElo "2263"]
[PlyCount "67"]
[EventDate "2017.01.24"]
[EventType "swiss"]
[EventRounds "10"]
[EventCountry "ENG"]
[SourceTitle "Ajedrez en Madrid"]
[Source "lmi"]
[SourceDate "2017.01.24"]

1. d4 Nf6 2. c4 g6 3. Nc3 Bg7 4. e4 d6 5. Nf3 O-O 6. h3 e5 7. d5 a5 8. Be3 Na6
9. g4 Nc5 10. Nd2 Bd7 11. Be2 Ne8 12. h4 c6 13. g5 Nc7 14. Nb3 Nxb3 15. Qxb3
cxd5 16. Nxd5 Nxd5 17. cxd5 b5 18. h5 b4 19. Rc1 Qe7 20. Kd2 Rfc8 21. hxg6 fxg6
22. Rxc8+ Rxc8 23. Rc1 Rxc1 24. Kxc1 Qd8 25. a3 bxa3 26. bxa3 Bf8 27. Qb6 Qc8+
28. Kd2 Ba4 29. Bd3 Qg4 30. Kc3 Qd1 31. Qb1 Qg4 32. Qb6 Qd1 33. Qb1 Qg4 34. Qb6
1/2-1/2

[Event "Gibraltar Chess Festival 2017 - Masters"]
[Site "Gibraltar ENG"]
[Date "2017.01.27"]
[Round "4.66"]
[White "Pustovoitova, Daria"]
[Black "Verneuil, Pascal"]
[Result "1-0"]
[WhiteElo "2407"]
[BlackElo "2215"]
[PlyCount "97"]
[EventDate "2017.01.24"]
[EventType "swiss"]
[EventRounds "10"]
[EventCountry "ENG"]
[SourceTitle "Ajedrez en Madrid"]
[Source "lmi"]
[SourceDate "2017.01.24"]

1. d4 d5 2. c4 c6 3. Nf3 Nf6 4. Nc3 a6 5. e3 b5 6. b3 e6 7. Bd3 dxc4 8. bxc4
bxc4 9. Bxc4 Bb4 10. Bd2 O-O 11. O-O Nbd7 12. Rb1 a5 13. Na4 Nd5 14. Qc2 Qe7
15. e4 Bxd2 16. Nxd2 Nb4 17. Qc3 e5 18. f4 exd4 19. Qxd4 c5 20. Qc3 Ba6 21. a3
Nc6 22. Bxa6 Rxa6 23. Qc4 Ncb8 24. e5 Rh6 25. Ne4 Nc6 26. h3 Nd8 27. Qd5 Rc6
28. Rbc1 Qe6 29. Rfd1 f5 30. Qxd7 fxe4 31. Rxc5 e3 32. Qxe6+ Rxe6 33. Nc3 Ree8
34. Rc8 Ne6 35. Rxe8 Rxe8 36. Ne2 Rb8 37. f5 Nc5 38. e6 Kf8 39. Nd4 Rb6 40. Re1
Rd6 41. Nc2 g6 42. Nxe3 gxf5 43. e7+ Ke8 44. Nxf5 Rg6 45. Re5 Nd7 46. Rxa5 Rb6
47. Ra8+ Nb8 48. a4 Rb4 49. a5 1-0

[Event "Gibraltar Chess Festival 2017 - Masters"]
[Site "Gibraltar ENG"]
[Date "2017.01.27"]
[Round "4.67"]
[White "Docx, Stefan"]
[Black "Baert, Andy"]
[Result "1-0"]
[WhiteElo "2405"]
[BlackElo "2210"]
[PlyCount "45"]
[EventDate "2017.01.24"]
[EventType "swiss"]
[EventRounds "10"]
[EventCountry "ENG"]
[SourceTitle "Ajedrez en Madrid"]
[Source "lmi"]
[SourceDate "2017.01.24"]

1. e4 c5 2. Nf3 d6 3. Bb5+ Nd7 4. d4 a6 5. Bxd7+ Bxd7 6. dxc5 dxc5 7. Nc3 e6 8.
Bf4 Ne7 9. Ne5 Ng6 10. Qh5 Nxe5 11. Bxe5 Bc6 12. O-O c4 13. Rad1 Qa5 14. Qg5
Qc5 15. Rfe1 Qe7 16. Qh5 h6 17. Nd5 Bxd5 18. exd5 O-O-O 19. Bg3 Qc5 20. Qxf7
exd5 21. Rxd5 Rxd5 22. Re8+ Rd8 23. Qe6# 1-0

[Event "Gibraltar Chess Festival 2017 - Masters"]
[Site "Gibraltar ENG"]
[Date "2017.01.27"]
[Round "4.68"]
[White "Villar Reymundo, Juan Antonio"]
[Black "Perez Garcia, Alejandro"]
[Result "1-0"]
[WhiteElo "2212"]
[BlackElo "2398"]
[PlyCount "101"]
[EventDate "2017.01.24"]
[EventType "swiss"]
[EventRounds "10"]
[EventCountry "ENG"]
[SourceTitle "Ajedrez en Madrid"]
[Source "lmi"]
[SourceDate "2017.01.24"]

1. d4 d5 2. c4 e6 3. Nf3 c6 4. Nbd2 f5 5. g3 Nf6 6. Bg2 Bd6 7. O-O O-O 8. Ne5
Nbd7 9. Ndf3 Ne4 10. Bf4 Ndf6 11. Qc2 Bd7 12. Nd3 Bxf4 13. Nxf4 Qe7 14. Nd3 Be8
15. Nfe5 dxc4 16. Nxc4 Rd8 17. e3 c5 18. f3 cxd4 19. fxe4 fxe4 20. Nf2 b5 21.
Na5 Nd5 22. exd4 Ne3 23. Qxe4 Nxf1 24. Rxf1 Qb4 25. Nb3 Bg6 26. Qe2 Rf7 27. Ng4
Rxf1+ 28. Bxf1 a6 29. Ne5 Be8 30. Nc6 Bxc6 31. Qxe6+ Kh8 32. Qxc6 Qe1 33. Qc3
Qb1 34. Nc1 Qe4 35. Ne2 h6 36. Qd2 Qd5 37. a3 Qe4 38. h3 Kg8 39. Bg2 Qf5 40.
Nc3 a5 41. d5 b4 42. axb4 axb4 43. Ne4 Qe5 44. Qxb4 Kh8 45. d6 Qd5 46. Kh2 Rc8
47. Qd2 Qf7 48. b4 Rd8 49. Nc5 h5 50. h4 g5 51. Qd4+ 1-0

[Event "Gibraltar Chess Festival 2017 - Masters"]
[Site "Gibraltar ENG"]
[Date "2017.01.27"]
[Round "4.69"]
[White "Semprun Martinez, Fernando"]
[Black "Guerra Rivera, Salvador"]
[Result "0-1"]
[WhiteElo "2174"]
[BlackElo "2389"]
[PlyCount "74"]
[EventDate "2017.01.24"]
[EventType "swiss"]
[EventRounds "10"]
[EventCountry "ENG"]
[SourceTitle "Ajedrez en Madrid"]
[Source "lmi"]
[SourceDate "2017.01.24"]

1. e4 c5 2. Nf3 d6 3. c3 Nf6 4. Be2 Nc6 5. d3 g6 6. d4 cxd4 7. Nxd4 Nxd4 8.
Qxd4 Bg7 9. O-O O-O 10. Bg5 Qa5 11. Bh4 Be6 12. Qd3 d5 13. e5 Nd7 14. Bxe7 Rfe8
15. Bb4 Qb6 16. Qd4 Nxe5 17. Qxb6 axb6 18. Nd2 Nc6 19. Ba3 Bxc3 20. bxc3 Rxa3
21. Nb1 Ra5 22. Rd1 Rea8 23. a3 Kg7 24. f4 Rc5 25. Kf2 Ra4 26. g3 d4 27. Rc1
Na5 28. Bd1 Bb3 29. Bc2 dxc3 30. Ke2 Bxc2 31. Rxc2 Nb3 32. Raa2 Nd4+ 33. Kd3
Nxc2 34. Rxc2 Rb5 35. Nxc3 Rxa3 36. Kd4 Rc5 37. Rc1 Raxc3 0-1

[Event "Gibraltar Chess Festival 2017 - Masters"]
[Site "Gibraltar ENG"]
[Date "2017.01.27"]
[Round "4.70"]
[White "Milliet, Sophie"]
[Black "Chan, Kim Yew"]
[Result "1-0"]
[WhiteElo "2387"]
[BlackElo "2152"]
[PlyCount "81"]
[EventDate "2017.01.24"]
[EventType "swiss"]
[EventRounds "10"]
[EventCountry "ENG"]
[SourceTitle "Ajedrez en Madrid"]
[Source "lmi"]
[SourceDate "2017.01.24"]

1. e4 c5 2. Nf3 g6 3. d4 cxd4 4. Qxd4 Nf6 5. Nc3 Nc6 6. Qa4 d6 7. e5 Ng4 8. Bb5
Bg7 9. exd6 O-O 10. h3 Nge5 11. Nxe5 Nxe5 12. dxe7 Qxe7 13. Be3 Be6 14. O-O a6
15. Be2 Rac8 16. Rad1 Nc4 17. Bxc4 Rxc4 18. Qa5 Qh4 19. Rd3 Bf5 20. Rd2 b5 21.
Qxa6 Bxh3 22. f3 Re8 23. Ne4 Bf5 24. Qxb5 Rcc8 25. Bg5 Qh5 26. Nf6+ Bxf6 27.
Bxf6 Qh6 28. Re2 Rxe2 29. Qxe2 Qf4 30. Bc3 h5 31. Re1 Be6 32. Qd3 Qc4 33. Qe3
Qd5 34. Qh6 Rxc3 35. bxc3 Qc5+ 36. Qe3 Qc4 37. Rd1 Qh4 38. Qd4 Qg3 39. Qf6 Kh7
40. Rd8 Qe1+ 41. Kh2 1-0

[Event "Gibraltar Chess Festival 2017 - Masters"]
[Site "Gibraltar ENG"]
[Date "2017.01.27"]
[Round "4.71"]
[White "Alberto, Manuel"]
[Black "Tsolakidou, Stavroula"]
[Result "0-1"]
[WhiteElo "2168"]
[BlackElo "2387"]
[PlyCount "94"]
[EventDate "2017.01.24"]
[EventType "swiss"]
[EventRounds "10"]
[EventCountry "ENG"]
[SourceTitle "Ajedrez en Madrid"]
[Source "lmi"]
[SourceDate "2017.01.24"]

1. e4 c5 2. Nf3 d6 3. d4 cxd4 4. Nxd4 Nf6 5. Nc3 a6 6. Bg5 Nbd7 7. f4 Qc7 8.
Qf3 b5 9. O-O-O Bb7 10. Bd3 g6 11. Nd5 Nxd5 12. exd5 Bg7 13. Nc6 Bxc6 14. dxc6
Nc5 15. f5 O-O 16. Rhe1 e6 17. g4 Rac8 18. h4 Qxc6 19. Qxc6 Rxc6 20. Be7 Rfc8
21. f6 Bf8 22. Bxf8 Nxd3+ 23. Rxd3 Kxf8 24. Re2 Ke8 25. b3 Kd7 26. Kb2 b4 27.
Red2 d5 28. h5 Kd6 29. hxg6 hxg6 30. Rh3 e5 31. g5 a5 32. Rhd3 d4 33. Re2 Rc3
34. Rdd2 Rg3 35. Rg2 Rxg2 36. Rxg2 e4 37. Rh2 Rc5 38. Rh4 Re5 39. Rh7 Ke6 40.
Rh8 Rxg5 41. Re8+ Kf5 42. Re7 e3 43. Rxf7 Ke6 44. Rf8 Rf5 45. Rd8 Kxf6 46. Rxd4
e2 47. Rd6+ Ke7 0-1

[Event "Gibraltar Chess Festival 2017 - Masters"]
[Site "Gibraltar ENG"]
[Date "2017.01.27"]
[Round "4.72"]
[White "Mihajlov, Sebastian"]
[Black "Derakhshani, Borna"]
[Result "1-0"]
[WhiteElo "2384"]
[BlackElo "2195"]
[PlyCount "49"]
[EventDate "2017.01.24"]
[EventType "swiss"]
[EventRounds "10"]
[EventCountry "ENG"]
[SourceTitle "Ajedrez en Madrid"]
[Source "lmi"]
[SourceDate "2017.01.24"]

1. d4 Nf6 2. Nf3 d5 3. e3 Bf5 4. c4 c6 5. Nc3 e6 6. Nh4 Bg4 7. Qb3 Qc7 8. h3
Bh5 9. g4 Bg6 10. Nxg6 hxg6 11. Bg2 Nbd7 12. cxd5 exd5 13. Qc2 Bb4 14. Bd2
O-O-O 15. g5 Bxc3 16. bxc3 Nh7 17. c4 dxc4 18. h4 b5 19. a4 a6 20. axb5 axb5
21. Ra8+ Nb8 22. Ba5 Qe7 23. Bh3+ Rd7 24. Ra7 Nxg5 25. Rc7+ 1-0

[Event "Gibraltar Chess Festival 2017 - Masters"]
[Site "Gibraltar ENG"]
[Date "2017.01.27"]
[Round "4.73"]
[White "Skutta, Bernd"]
[Black "Nomin-Erdene, Davaademberel"]
[Result "1-0"]
[WhiteElo "1957"]
[BlackElo "2378"]
[PlyCount "87"]
[EventDate "2017.01.24"]
[EventType "swiss"]
[EventRounds "10"]
[EventCountry "ENG"]
[SourceTitle "Ajedrez en Madrid"]
[Source "lmi"]
[SourceDate "2017.01.24"]

1. d4 d5 2. Bf4 Nf6 3. e3 c5 4. c3 Qb6 5. Qc2 Nc6 6. Nd2 g6 7. Ngf3 Bg7 8. h3
O-O 9. Be2 Nd7 10. O-O e5 11. dxe5 Ndxe5 12. g4 h5 13. Nxe5 Nxe5 14. Nf3 Re8
15. Rad1 hxg4 16. Nxe5 Bxe5 17. Qa4 Re7 18. Rxd5 Bxf4 19. Qxf4 gxh3 20. Rd6 Qc7
21. Bc4 Bf5 22. Rfd1 Be6 23. Bxe6 fxe6 24. Qf6 Rf8 25. Qe5 b6 26. f4 Qb7 27. e4
Rg7 28. Qxe6+ Qf7 29. Rf1 Qxe6 30. Rxe6 g5 31. f5 g4 32. Kh2 Rd8 33. f6 Rd2+
34. Kg3 Rg2+ 35. Kh4 Rf7 36. Kg5 Kf8 37. Rd1 Rc7 38. Kg6 Rc8 39. Rd7 Rf2 40.
Rh7 Kg8 41. Ree7 Rxf6+ 42. Kxf6 Rc6+ 43. Kf5 Kf8 44. Rxa7 1-0

[Event "Gibraltar Chess Festival 2017 - Masters"]
[Site "Gibraltar ENG"]
[Date "2017.01.27"]
[Round "4.74"]
[White "Siva, Mahadevan"]
[Black "Burrows, Martin P"]
[Result "1/2-1/2"]
[WhiteElo "2356"]
[BlackElo "2124"]
[PlyCount "89"]
[EventDate "2017.01.24"]
[EventType "swiss"]
[EventRounds "10"]
[EventCountry "ENG"]
[SourceTitle "Ajedrez en Madrid"]
[Source "lmi"]
[SourceDate "2017.01.24"]

1. e4 c5 2. Nf3 d6 3. d4 cxd4 4. Nxd4 Nf6 5. Nc3 a6 6. Bg5 e6 7. f4 Be7 8. Qf3
h6 9. Bh4 Nbd7 10. O-O-O Qc7 11. Be2 g5 12. fxg5 Ne5 13. Qe3 Nh7 14. Nf3 Nxf3
15. gxf3 hxg5 16. Bg3 Bd7 17. e5 Qc5 18. Qd2 d5 19. Ne4 Qb6 20. Nd6+ Bxd6 21.
exd6 O-O-O 22. h4 f6 23. Rh2 d4 24. Qxd4 Qxd4 25. Rxd4 e5 26. Rd1 gxh4 27. Rxh4
Ng5 28. Rdh1 Rxh4 29. Rxh4 Bc6 30. f4 Ne4 31. Bh2 exf4 32. Bxf4 Nxd6 33. Rh7
Be4 34. Re7 f5 35. c4 Rd7 36. Re6 Nf7 37. b3 Kd8 38. Kb2 Re7 39. Rf6 Ne5 40.
Kc3 Kd7 41. Rh6 Nc6 42. Rd6+ Kc8 43. c5 Rd7 44. Re6 Rh7 45. Rh6 1/2-1/2

[Event "Gibraltar Chess Festival 2017 - Masters"]
[Site "Gibraltar ENG"]
[Date "2017.01.27"]
[Round "4.75"]
[White "Herzwurm, Robert"]
[Black "Bellin, Robert"]
[Result "0-1"]
[WhiteElo "2143"]
[BlackElo "2353"]
[PlyCount "36"]
[EventDate "2017.01.24"]
[EventType "swiss"]
[EventRounds "10"]
[EventCountry "ENG"]
[SourceTitle "Ajedrez en Madrid"]
[Source "lmi"]
[SourceDate "2017.01.24"]

1. e4 c5 2. Nc3 Nc6 3. f4 g6 4. Nf3 Bg7 5. Bb5 Nd4 6. O-O a6 7. Bc4 b5 8. Bd5
Rb8 9. d3 Nf6 10. f5 b4 11. Ng5 e6 12. fxg6 fxg6 13. e5 bxc3 14. bxc3 O-O 15.
Bc4 d5 16. exd6 Nd5 17. Bxd5 exd5 18. Re1 Nxc2 0-1

[Event "Gibraltar Chess Festival 2017 - Masters"]
[Site "Gibraltar ENG"]
[Date "2017.01.27"]
[Round "4.76"]
[White "Mikhalevski, Victor"]
[Black "Bendayan Claros, Aaron"]
[Result "1-0"]
[WhiteElo "2504"]
[BlackElo "2128"]
[PlyCount "101"]
[EventDate "2017.01.24"]
[EventType "swiss"]
[EventRounds "10"]
[EventCountry "ENG"]
[SourceTitle "Ajedrez en Madrid"]
[Source "lmi"]
[SourceDate "2017.01.24"]

1. Nf3 Nf6 2. g3 d5 3. Bg2 e6 4. O-O Be7 5. c4 d4 6. e3 c5 7. exd4 cxd4 8. b4
O-O 9. a3 Qc7 10. d3 a5 11. b5 e5 12. Re1 Bd6 13. b6 Qc5 14. Nbd2 Re8 15. Rb1
Bd7 16. Ng5 Qc8 17. Nde4 Nxe4 18. Bxe4 Bg4 19. Bxh7+ Kf8 20. f3 Bd7 21. Qb3 Bc5
22. Ne4 Na6 23. f4 g6 24. Nf6 e4 25. Nxe8 Bxe8 26. Rxe4 Kg7 27. Bxg6 fxg6 28.
Bb2 Qd8 29. Rbe1 Bc6 30. Re5 Qd7 31. Qc2 Qg4 32. Qf2 Kh6 33. Bc1 Qf3 34. f5+
Kg7 35. Qxf3 Bxf3 36. Rf1 Bc6 37. fxg6 Re8 38. Rxe8 Bxe8 39. Bb2 Bxg6 40. Rf4
Bxb6 41. Bxd4+ Bxd4+ 42. Rxd4 Nc5 43. Rd5 Nxd3 44. Rd7+ Kf6 45. Rxb7 Be8 46.
Rb3 Ne5 47. Rc3 Bc6 48. h4 Kf7 49. h5 Kg7 50. Re3 Nxc4 51. h6+ 1-0

[Event "Gibraltar Chess Festival 2017 - Masters"]
[Site "Gibraltar ENG"]
[Date "2017.01.27"]
[Round "4.77"]
[White "Szabo, Bence"]
[Black "Finsterwalder, Sebastian"]
[Result "1/2-1/2"]
[WhiteElo "2378"]
[BlackElo "2130"]
[PlyCount "108"]
[EventDate "2017.01.24"]
[EventType "swiss"]
[EventRounds "10"]
[EventCountry "ENG"]
[SourceTitle "Ajedrez en Madrid"]
[Source "lmi"]
[SourceDate "2017.01.24"]

1. Nf3 d5 2. c4 d4 3. b4 f6 4. e3 e5 5. c5 a5 6. Bb5+ c6 7. Bc4 axb4 8. Nxe5
Nh6 9. Nd3 Na6 10. Qh5+ g6 11. Qe2 Nf5 12. Bb2 Be7 13. g4 Nh4 14. Bxd4 h5 15.
f3 b6 16. O-O bxc5 17. Bb2 Nc7 18. Nf4 Nd5 19. Ng2 hxg4 20. fxg4 Qd6 21. e4
Nxg2 22. Qxg2 Nf4 23. e5 fxe5 24. Rxf4 exf4 25. Bxh8 Bf6 26. Qe4+ Kf8 27. Bxf6
Qxf6 28. d4 Bxg4 29. Qe5 Qxe5 30. dxe5 Rd8 31. a4 Rd4 32. a5 Rxc4 33. Nd2 Rc2
34. a6 Bc8 35. a7 Bb7 36. Nb3 c4 37. Nd4 Rd2 38. a8=Q+ Bxa8 39. Rxa8+ Kg7 40.
Ne6+ Kf7 41. Ng5+ Ke7 42. e6 Re2 43. Ra7+ Kd6 44. Kf1 f3 45. Rd7+ Kc5 46. e7 c3
47. Nxf3 Re6 48. Nd4 Re4 49. Nb3+ Kb5 50. Rb7+ Kc4 51. Na5+ Kd3 52. Nb3 Kc4 53.
Na5+ Kd3 54. Nb3 Kc4 1/2-1/2

[Event "Gibraltar Chess Festival 2017 - Masters"]
[Site "Gibraltar ENG"]
[Date "2017.01.27"]
[Round "4.78"]
[White "Kulkarni, Rakesh"]
[Black "Seraoui, Mohcen"]
[Result "1-0"]
[WhiteElo "2344"]
[BlackElo "2100"]
[PlyCount "65"]
[EventDate "2017.01.24"]
[EventType "swiss"]
[EventRounds "10"]
[EventCountry "ENG"]
[SourceTitle "Ajedrez en Madrid"]
[Source "lmi"]
[SourceDate "2017.01.24"]

1. e4 e5 2. Nf3 Nc6 3. d4 exd4 4. Nxd4 Bc5 5. Nb3 Bb6 6. Nc3 Nf6 7. Qe2 Qe7 8.
Bg5 d6 9. Nd5 Qe6 10. Bxf6 gxf6 11. O-O-O Bd7 12. Qf3 f5 13. exf5 Qxf5 14. Re1+
Kf8 15. Qc3 Qg5+ 16. f4 Qg7 17. Nf6 Be6 18. Bc4 d5 19. Bxd5 Bxd5 20. Nc5 Qg6
21. Nxd5 Bxc5 22. Qxh8+ Qg8 23. Qc3 Bd6 24. Rhf1 Qg7 25. Qb3 Nd4 26. Qxb7 Rd8
27. c3 c6 28. Nc7 Nf5 29. Qxc6 Ne7 30. Qe4 Qf6 31. Nb5 Nd5 32. Nxd6 Nxc3 33.
Qe5 1-0

[Event "Gibraltar Chess Festival 2017 - Masters"]
[Site "Gibraltar ENG"]
[Date "2017.01.27"]
[Round "4.79"]
[White "Seyfried, Claus"]
[Black "Piasetski, Leon"]
[Result "1/2-1/2"]
[WhiteElo "2152"]
[BlackElo "2327"]
[PlyCount "63"]
[EventDate "2017.01.24"]
[EventType "swiss"]
[EventRounds "10"]
[EventCountry "ENG"]
[SourceTitle "Ajedrez en Madrid"]
[Source "lmi"]
[SourceDate "2017.01.24"]

1. e4 g6 2. d4 Bg7 3. Nc3 d6 4. Be3 a6 5. h4 h5 6. Bc4 Nc6 7. Qd2 e5 8. Nge2
exd4 9. Nxd4 Ne5 10. Be2 Ng4 11. Bg5 Bh6 12. Nf3 f6 13. Bxh6 N8xh6 14. Bc4 Kf8
15. O-O-O Kg7 16. Rhe1 Re8 17. Bb3 Bd7 18. Nd5 b5 19. Nf4 a5 20. Nd4 Qc8 21. c3
a4 22. Bc2 Ne5 23. Nd5 Qb7 24. Nxf6 c5 25. Nxe8+ Rxe8 26. Nf3 Nc4 27. Qe2 Nf7
28. Bd3 Be6 29. Kb1 a3 30. b3 Nb2 31. Rc1 Bc4 32. Bxc4 1/2-1/2

[Event "Gibraltar Chess Festival 2017 - Masters"]
[Site "Gibraltar ENG"]
[Date "2017.01.27"]
[Round "4.80"]
[White "Weeramantry, Sunil"]
[Black "De Haan, Eric"]
[Result "0-1"]
[WhiteElo "2129"]
[BlackElo "2319"]
[PlyCount "122"]
[EventDate "2017.01.24"]
[EventType "swiss"]
[EventRounds "10"]
[EventCountry "ENG"]
[SourceTitle "Ajedrez en Madrid"]
[Source "lmi"]
[SourceDate "2017.01.24"]

1. e4 c5 2. Nf3 e6 3. d4 cxd4 4. Nxd4 Nc6 5. Nc3 Qc7 6. Be2 a6 7. f4 b5 8. Nxc6
Qxc6 9. Bf3 Bb7 10. Be3 Qc7 11. Qd4 Rc8 12. Rd1 h5 13. a3 Nf6 14. Qd2 b4 15.
axb4 Bxb4 16. Bd4 Nxe4 17. Bxe4 Bxe4 18. Qe3 Bxg2 19. Rg1 Bb7 20. Rxg7 Qc6 21.
Kf2 Be7 22. Qg3 h4 23. Rg8+ Bf8 24. Qg4 Rxg8 25. Qxg8 Qf3+ 26. Ke1 Qh1+ 27. Kd2
Qxh2+ 28. Kc1 Be4 29. Rd2 Qh1+ 30. Nd1 Bxc2 31. Rxc2 Rxc2+ 32. Kxc2 h3 33. Nf2
Qg2 34. Qxg2 hxg2 35. Nd3 Bh6 36. Kd1 d6 37. Ke2 Kd7 38. Kf2 Kc6 39. Kxg2 Kd5
40. Bc3 Kc4 41. Nb4 Bxf4 42. Kf3 Bc1 43. Nxa6 d5 44. Nb4 d4 45. Nc6 dxc3 46.
bxc3 Kd5 47. Nb4+ Kd6 48. Nd3 Bh6 49. c4 f5 50. Ke2 Bg7 51. Nf4 e5 52. Nh5 Bf8
53. Kf3 Ke6 54. Ng3 Bc5 55. Ne2 e4+ 56. Kf4 Bd6+ 57. Ke3 Ke5 58. Kf2 f4 59. Nc3
Bc5+ 60. Ke2 f3+ 61. Kd2 Bb4 0-1

[Event "Gibraltar Chess Festival 2017 - Masters"]
[Site "Gibraltar ENG"]
[Date "2017.01.27"]
[Round "4.81"]
[White "Whatley, Stephen A J"]
[Black "Lombaers, Peter"]
[Result "0-1"]
[WhiteElo "2127"]
[BlackElo "2314"]
[PlyCount "84"]
[EventDate "2017.01.24"]
[EventType "swiss"]
[EventRounds "10"]
[EventCountry "ENG"]
[SourceTitle "Ajedrez en Madrid"]
[Source "lmi"]
[SourceDate "2017.01.24"]

1. e4 Nf6 2. e5 Nd5 3. d4 d6 4. Nf3 dxe5 5. Nxe5 c6 6. c4 Nb4 7. Nd3 e5 8. dxe5
Bf5 9. Nxb4 Bxb4+ 10. Bd2 Na6 11. Be2 Qa5 12. Nc3 Qxe5 13. O-O O-O 14. a3 Bd6
15. g3 Qf6 16. Bf3 Rad8 17. Be4 Nc5 18. Bxf5 Qxf5 19. b4 Be5 20. bxc5 Bxc3 21.
Bxc3 Rxd1 22. Rfxd1 h5 23. Rd2 h4 24. Re1 h3 25. f4 Qxc5+ 26. Bd4 Qxc4 27. Bb2
c5 28. Re3 b5 29. Kf2 a5 30. Re5 Rc8 31. Rg5 g6 32. Rgd5 Kh7 33. Rg5 Qe6 34.
Re5 Qc6 35. Rdd5 c4 36. Bc3 b4 37. axb4 axb4 38. Bxb4 c3 39. f5 c2 40. fxg6+
fxg6 41. Re7+ Kg8 42. Rdd7 Qxd7 0-1

[Event "Gibraltar Chess Festival 2017 - Masters"]
[Site "Gibraltar ENG"]
[Date "2017.01.27"]
[Round "4.82"]
[White "Behrendt, Clemens"]
[Black "Saravanan, V."]
[Result "1-0"]
[WhiteElo "2121"]
[BlackElo "2306"]
[PlyCount "81"]
[EventDate "2017.01.24"]
[EventType "swiss"]
[EventRounds "10"]
[EventCountry "ENG"]
[SourceTitle "Ajedrez en Madrid"]
[Source "lmi"]
[SourceDate "2017.01.24"]

1. Nf3 Nf6 2. g3 g6 3. Bg2 Bg7 4. O-O O-O 5. d4 d5 6. c4 dxc4 7. Na3 c3 8. bxc3
c5 9. Ne5 Nbd7 10. Nac4 Nxe5 11. dxe5 Nd7 12. f4 Rb8 13. a4 b6 14. Qb3 Qc7 15.
Rd1 Kh8 16. e4 Bb7 17. Ne3 e6 18. Nc4 Bc6 19. Qc2 a6 20. Be3 g5 21. Nd6 gxf4
22. gxf4 Nxe5 23. fxe5 Bxe5 24. Qf2 f5 25. Bf4 Qg7 26. Bxe5 Qxe5 27. Qg3 f4 28.
Qd3 Qg7 29. Kh1 Rbd8 30. Bf3 Rd7 31. Qc2 Rfd8 32. Nc4 b5 33. axb5 Bxb5 34. Nb2
Qe5 35. Rxd7 Rxd7 36. Rd1 Rxd1+ 37. Nxd1 c4 38. Qd2 Qf6 39. Qd6 Ba4 40. e5 Qf7
41. Qxa6 1-0